000 00338nam a2200145Ia 4500
008 230711s9999||||xx |||||||||||||| ||und||
041 _aENG
082 _a620
_bAN-M
100 _aAnderson,JC
245 0 _aMaterial science
250 _a4th Ed.
260 _c1989
_aLondon
_bChapman & Hall
650 _aMechanical Engineering
942 _cBK
999 _c981
_d981